000 00674nam a2200277Ia 4500
005 20260324133622.0
008 008 260324s9999 xx 000 0 eng d
020 _a9780203423004
037 _aEBOOK
040 _aCRL
040 _beng
040 _cCRL
041 _2eng
041 _aeng
084 _qCRL
100 _a The Institute of Jewish Law, Boston University of Law
_91193761
245 4 _aThe Jewish Law Annual Volume 14
260 _bTaylor and Francis
260 _c2003
365 _a
365 _b315
856 _uhttp://www.taylorfrancis.com/books/9780203423004
942 _cEBOOK
999 _c1793007
_d1793007